Préfectures de France : Agen - Statistiques

Statistiques générales
  • Ce quiz a été pris 39 fois
  • Le résultat moyen est 12 sur 24
Statistiques - réponses
Question Réponse % Correct
Quel numéro porte celui-ci ? 47
97%
De quel département est-ce la préfecture ? Lot-et-Garonne
97%
La ville appartient au diocèse de/d' Agen
94%
Comment se nomment ses habitants ? Agenais
94%
Fruit habituellement associé à la ville Pruneau
88%
La ville appartient à l'académie de/d' Bordeaux
79%
A quelle région administrative appartient la ville depuis 2015 ? Nouvelle-Aquitaine
79%
Quelles sont les sous-préfectures qui en dépendent ? Marmande
67%
Quelles sont les sous-préfectures qui en dépendent ? Nérac
67%
Quelles sont les sous-préfectures qui en dépendent ? Villeneuve-sur-Lot
67%
Le journal local est Sud Ouest | Le petit bleu d'Agen
55%
Les communes limitrophes dont le nom contient un C sont Bon-Encontre
52%
Quelle est la couleur principale du fond du blason ? Rouge
52%
La plus grande entreprise de la région d'Agen est UPSA
52%
Le nom romain de la ville est Aginnum
33%
Les communes limitrophes dont le nom contient un C sont Pont-du-Casse
33%
Quel animal figure sur le blason ? Aigle
30%
Le musée des Beaux-arts possède 5 tableaux de ce grand peintre espagnol Goya
30%
Quel bâtiment figure sur le blason ? Château
27%
La cathédrale est dédiée à St Caprais
27%
Sainte originaire d'Agen dont les reliques sont visibles à Conques Foy
18%
Le peuple gaulois qui l'occupe est celui des Nitiobroges
3%
Les communes limitrophes dont le nom contient un C sont Colayras-Saint-Circq
0%
Le 1er évêque installé dans la ville est Phébade
0%
Aucun quiz correspondant
Distribution des résultats
% des personnes avec chaque résultat
Percentile par nombre de réponses
Votre historique - résultats
Vous n’avez pas pris ce quiz